[Event "SVK-chT2D 1213"]
[Site "Slovakia"]
[Date "2012.12.16"]
[Round "6.7"]
[White "Vilcko, Juraj"]
[Black "Vojtko, Marek"]
[Result "1-0"]
[WhiteElo "1695"]
[BlackElo "2072"]
[PlyCount "121"]
[EventDate "2012.10.13"]
[EventType "team-tourn"]
[EventRounds "11"]
[EventCountry "SVK"]
[SourceTitle "EXT 2015"]
[Source "ChessBase"]
[SourceDate "2014.11.20"]
[SourceVersion "1"]
[SourceVersionDate "2014.11.20"]
[SourceQuality "1"]
[WhiteTeam "Gelnica Slovan"]
[BlackTeam "Prakovce"]
[WhiteTeamCountry "SVK"]
[BlackTeamCountry "SVK"]

1. e4 e6 2. d4 d5 3. e5 c5 4. c3 Qb6 5. Nf3 Bd7 6. Bd3 Bb5 7. 0-0 Nc6 8. a4 Bxd3 9. Qxd3 a5 10. Na3 c4 11. Qd1 Bxa3 12. Rxa3 Nge7 13. b3 Qa6 14. Nd2 Na7 15. bxc4 dxc4 16. Ne4 0-0 17. Bd2 Qc6 18. Qg4 Kh8 19. Nd6 Nec8 20. Ne4 Nb6 21. Qh4 Nd5 22. Ng5 h6 23. Ne4 Kh7 24. Nf6+ Nxf6 25. exf6 Rg8 26. fxg7 Rxg7 27. Qxh6+ Kg8 28. g3 Rg6 29. Qh5 b5 30. Bf4 b4 31. Be5 Kf8 32. cxb4 axb4 33. Rf3 Ke7 34. Rxf7+ Kxf7 35. Qh7+ Ke8 36. Qxg6+ Kd7 37. Qf7+ Kc8 38. Qf8+ Kd7 39. Qxb4 Nc8 40. a5 Ne7 41. Rc1 Rc8 42. Qb6 Nd5 43. Qa7+ Ke8 44. h4 c3 45. a6 Ra8 46. Qb7 Rxa6 47. Qxc6+ Rxc6 48. h5 Kf7 49. g4 c2 50. g5 Nb4 51. g6+ Ke7 52. h6 Nd3 53. Rxc2 Rxc2 54. h7 Rc1+ 55. Kg2 Rc8 56. g7 Kf7 57. h8Q Rg8 58. Qh5+ Ke7 59. Qh4+ Kd7 60. Qe4 Nxe5 61. Qxe5 1-0

[Event "SVK-chT2D 0506"]
[Site "Slovakia"]
[Date "2005.10.23"]
[Round "2.8"]
[White "Vilcko, Juraj"]
[Black "Medve, Stefan"]
[Result "1-0"]
[WhiteElo "1744"]
[BlackElo "1812"]
[PlyCount "89"]
[EventDate "2005.10.22"]
[EventType "team-tourn"]
[EventRounds "11"]
[EventCountry "SVK"]
[SourceTitle "EXT 2009"]
[Source "ChessBase"]
[SourceDate "2008.11.26"]
[SourceVersion "1"]
[SourceVersionDate "2008.11.26"]
[SourceQuality "1"]

1. e4 c6 2. Nf3 d6 3. d4 g6 4. Bc4 Bg7 5. 0-0 Nf6 6. Re1 0-0 7. h3 Qc7 8. Bf4 Nh5 9. Bh2 Qb6 10. Bb3 Bh6 11. e5 Nf4 12. exd6 exd6 13. Re4 Ne6 14. Bxd6 Rd8 15. Be5 Nd7 16. c3 a5 17. Nbd2 a4 18. Bxe6 Nxe5 19. Bxc8 Nxf3+ 20. Nxf3 Raxc8 21. Qc2 Rd5 22. Rae1 Bf8 23. Re8 Rxe8 24. Rxe8 a3 25. b3 Kg7 26. c4 Rd8 27. Qe4 Rxe8 28. Qxe8 Qb4 29. Qe5+ f6 30. Qc7+ Kg8 31. Qd8 Kf7 32. Qd7+ Be7 33. d5 cxd5 34. cxd5 b6 35. Qe6+ Kf8 36. Qc8+ Kf7 37. Qc4 Bc5 38. Kf1 b5 39. Qxb4 Bxb4 40. Nd4 Ke7 41. Nxb5 Kd7 42. Ke2 Kc8 43. Kd3 Bc5 44. f3 Kb7 45. Kc4 1-0